Sports Quiz

Random Sports or Hockey Quiz

Top 5 scorers for Team Canada Junior (1990-2014) Quiz Stats

 Plays Quiz not verified by Sporcle

Support Sporcle.
Go Orange.
Score 0/125 Timer 10:00
0 Plays Today
Year Player % Correct
2005Sidney Crosby
93%
2008John Tavares
78.1%
2009John Tavares
78.1%
2009Jordan Eberle
75.4%
2010Jordan Eberle
75.4%
2010Taylor Hall
74.2%
1991Eric Lindros
71.3%
1992Eric Lindros
71.3%
2004Ryan Getzlaf
69.9%
2005Ryan Getzlaf
69.9%
2007Jonathan Toews
68.5%
2005Patrice Bergeron
63.8%
2013Ryan Nugent-Hopkins
61.8%
2008Steven Stamkos
61.1%
2004Jeff Carter
60.8%
2005Jeff Carter
60.8%
1996Jarome Iginla
53.5%
2009P.K. Subban
51.2%
1998Vincent Lecavalier
49.4%
2001Jason Spezza
47.7%
2000Dany Heatley
40.6%
2001Dany Heatley
40.6%
2008Claude Giroux
36.6%
2011Brayden Schenn
36.3%
1993Paul Kariya
35.9%
1999Simon Gagne
35.7%
2013Jonathan Drouin
34.8%
2014Jonathan Drouin
34.8%
1995Alexandre Daigle
31.2%
2012Jonathan Huberdeau
28.4%
2009Cody Hodgson
28.1%
2013Jonathan Huberdeau
27.7%
2011Ryan Ellis
26.7%
1997Daniel Briere
26%
2007Kristopher Letang
24.6%
2008Brad Marchand
24.2%
2010Alex Pietrangelo
22.8%
2014Sam Reinhart
22.8%
1995Marty Murray
22.6%
1999Brenden Morrow
21.6%
2001Mike Cammalleri
20.8%
2002Mike Cammalleri
20.8%
Year Player % Correct
2014Anthony Mantha
20.6%
1994Jason Allison
20.1%
1995Jason Allison
20.1%
1998Alex Tanguay
18.8%
2012Ryan Strome
18.7%
2005Andrew Ladd
18.4%
2012Mark Stone
18.4%
1995Eric Daze
18.2%
2013Ryan Strome
17.6%
1995Bryan McCabe
15%
2013Mark Scheifele
15%
2008Kyle Turris
14.6%
2002Brad Boyes
13.7%
2014Curtis Lazar
13.2%
2004Anthony Stewart
12.9%
1993Jason Dawe
12.8%
2006Steve Downie
12.5%
2007Steve Downie
12.5%
2004Nigel Dawes
12.3%
2003Ian White
11.9%
2012Freddie Hamilton
11.1%
2014Nic Petan
11%
2011Ryan Johansen
10.3%
2006Luc Bourdon
9.7%
2007Luc Bourdon
9.7%
1994Yanick Dube
8.8%
1996Christian Dube
8.8%
1997Christian Dube
8.8%
1992Martin Lapointe
8.7%
1993Martin Lapointe
8.7%
2004Brent Burns
8.7%
1994Todd Harvey
8.5%
1996Daymond Langkow
8.4%
2006Cam Barker
7.8%
2010Gabriel Bourque
7.6%
2012Brett Connolly
7.1%
2003Scottie Upshall
6.8%
2000Michael Ryder
6.5%
2001Raffi Torres
5.8%
1991Mike Craig
5.6%
2002Steve Ott
5.5%
2009Zach Boychuk
5.2%
Year Player % Correct
1998Daniel Corso
5%
1999Kyle Calder
5%
2003Brooks Laich
4.6%
2010Luke Adam
4.6%
1998Daniel Tkaczuk
4.4%
1999Daniel Tkaczuk
4.4%
2003Pierre-Alexandre Parenteau
4.4%
2000Brandon Reid
4.3%
2000Jamie Lundmark
4%
2001Jamie Lundmark
4%
2011Louis Leblanc
4%
1991Patrice Brisebois
3.5%
1992Darryl Sydor
3.3%
2006Dustin Boyd
3.3%
2007Kris Russell
3.3%
1993Martin Gendron
3.2%
1994Martin Gendron
3.2%
1997Brad Isbister
3%
2006Blake Comeau
3%
2011Erik Gudbranson
3%
1996Alyn McCauley
2.9%
1997Alyn McCauley
2.9%
1997Cameron Mann
2.7%
2003Carlo Colaiacovo
2.7%
1998Josh Holden
2.6%
1994Rick Girard
2.4%
2002Chuck Kobasew
2.1%
1990Dave Chyzowski
2%
1990Wes Walz
2%
2002Jared Aulin
2%
1991Kent Manderville
1.8%
1992Patrick Poulin
1.7%
1993Tyler Wright
1.7%
1990Stu Barnes
1.5%
1992Kimbi Daniels
1.4%
1990Dwayne Norris
1.1%
1991Pierre Sevigny
1.1%
1999Brad Leeb
0.5%
1990Mike Needham
0.2%
1996Jason Podollan
0.2%
2000Matt Pettinger
0.2%

You're not logged in!

Compare scores with friends on all Sporcle quizzes.
OR
Log In

From the Vault

Pokémon Extremes (Gen I)

by Gangsterls

Apparently some Pokemon really love the X Games.
Remove Ads.
Support Sporcle.
Get the best of Sporcle when you Go Orange. This ad-free experience offers more features, more stats, and more fun while also helping to support Sporcle. Thank you for becoming a member.

Show Comments

Extras

Top Quizzes Today


Score Distribution

Your Account Isn't Verified!

In order to create a playlist on Sporcle, you need to verify the email address you used during registration. Go to your Sporcle Settings to finish the process.

Report this User

Report this user for behavior that violates our Community Guidelines.

Details: